| 000 | 00469nam a22001937a 4500 | ||
|---|---|---|---|
| 003 | MPLRDC | ||
| 005 | 20220104114247.0 | ||
| 008 | 210129b ||||| |||| 00| 0 eng d | ||
| 020 | _a962-451-428-3 | ||
| 082 | _a857.8 XSXL v.8 | ||
| 100 | _a阿宽 | ||
| 245 |
_a男人的最终任务 _c |
||
| 250 | _a初版一刷 | ||
| 260 |
_a _b皇冠出版社有限公司 _c1996 |
||
| 300 | _b平 | ||
| 490 | _a小说系列. 8 | ||
| 650 | _a小说 | ||
| 942 |
_cBK _o857.8 XSXL v.8 |
||
| 999 |
_c6100 _d6090 |
||